000 00650nam a2200277Ia 4500
005 20260324125039.0
008 008 260324s9999 xx 000 0 eng d
020 _a9781315820873
037 _aEBOOK
040 _aCRL
040 _beng
040 _cCRL
041 _2eng
041 _aeng
084 _qCRL
100 _aWilliam A Kahn
_91176488
245 4 _aThe Student's Guide to Successful Project Teams
260 _bTaylor and Francis
260 _c2009
365 _a
365 _b230
856 _uhttp://www.taylorfrancis.com/books/9781315820873
942 _cEBOOK
999 _c1771412
_d1771412